000 00300nam a2200121Ia 4500
008 150201s2010 xx 000 0 und d
082 _a616.075
_bC10V
100 _aVERMA,KC
245 _aCLINICAL ECHOCARDIOGRAPHY
260 _bCBS
_aDELHI
_c2010
650 _aMEDICINE AND DIAGNOSIS
942 _2ddc
_cBK
_02
999 _c818
_d818